| 000 | 004020000a22001450004500 | ||
|---|---|---|---|
| 090 |
_aAR _b00255 |
||
| 245 | 1 | 0 | _aHans Günter petzold: 28 september 1931 - 19 November 1982 |
| 650 | 1 | 4 |
_aHans Gunter _993100 |
| 650 | 1 | 4 |
_aBiografías _993046 |
| 650 | 1 | 4 |
_aHerpetólogos _993096 |
| 041 | 0 | _aAlemán | |
| 100 | 1 |
_aKlemmer, Konrad _993050 |
|
| 942 | _cARTICULO | ||
| 773 | 1 |
_tSalamandra _388 _h3 _q105-107 _d1983 _g19 |
|
| 999 |
_c9355 _d9355 |
||